| 000 | 01250nam0a2200325 4500 | ||
|---|---|---|---|
| 001 | RU\NLR\bibl\91276 | ||
| 005 | 20260406064702.0 | ||
| 010 |
_a5-85941-008-5 _9250 |
||
| 021 |
_aRU _b2000-4581 _9232 |
||
| 035 | _a(NLR Aleph) 000089205 | ||
| 090 |
_a499881 _c499881 |
||
| 100 | _a20000609d2000 |||y0rusy50 ca | ||
| 101 | 0 | _arus | |
| 102 | _aRU | ||
| 105 | _ac z ||||| | ||
| 200 | 1 |
_aМудрость счастливой жизни _fВ.Н. Ткачев |
|
| 210 |
_aМ. _cБ.и. _d2000 |
||
| 215 |
_a[1],85 с. _cпортр. _d20 |
||
| 300 | _aНа обороте тит. л. авт.: Ткачев В.Н., проф., засл. деятель науки и техники | ||
| 320 | _aБиблиогр. в подстроч. примеч. | ||
| 606 | 0 |
_aСчастье _xСоциально-философские вопросы _92163788 _3RU\NLR\auth\661302037 |
|
| 686 | _aС550.354 | ||
| 686 | _aЮ216.23 | ||
| 700 | 1 |
_4070 _7ca _8rus _aТкачев _bВ. Н. _cд-р техн. наук _gВалентин Николаевич _9124082 _3RU\NLR\auth\7714409 |
|
| 801 | 0 |
_aRU _bNLR _c20000609 _gPSBO |
|
| 801 | 1 |
_aRU _bNLR _c20000609 |
|
| 852 |
_aNLR _j2000-4/2331 |
||
| 942 | _cBOOK | ||
| 980 | _aNB | ||